000 00609nam a2200253Ia 4500
005 20260121154842.0
008 008 260114s9999 xx 000 0 eng d
020 _a9781003038030
037 _aEBOOK
040 _aCRL
040 _beng
040 _cCRL
041 _2eng
041 _aeng
084 _qCRL
100 _a Manfred W. Becker
_91012283
245 0 _aCreating Reality in Factual Television
260 _bTaylor and Francis
260 _c2021
856 _uhttp://www.taylorfrancis.com/books/9781003038030
942 _cEBOOK
999 _c1579102
_d1579102